Names of the letters in Spanish - Statistics

General Stats
  • This quiz has been taken 53 times
  • The average score is 21 of 26
Answer Stats
Letter Name in Spanish % Correct
A a
97%
E e
97%
B be
94%
C ce
94%
D de
94%
F efe
94%
O o
94%
U u
94%
L ele
92%
M eme
92%
N ene
92%
I i
92%
P pe
92%
G ge
89%
T te
89%
S ese
86%
K ka
83%
J jota
78%
Z zeta
67%
R erre
58%
H hache
56%
X equis
53%
V uve
50%
Q cu
47%
Y i griega
42%
W uve doble
36%
No matching quizzes found
Score Distribution
Percent of People with Each Score
Percentile by Number Answered
Your Score History
You have not taken this quiz